000 00503nam a22001937a 4500
003 MPLRDC
005 20220104123938.0
008 210129b ||||| |||| 00| 0 eng d
020 _a957-621-230-8
082 _a782.886 WTW
100 _a王丽美
245 _a报人王惕吾: 联合报的故事
_c
250 _a第一版
260 _a台湾
_b天下文化出版股份有限公司
_c1994
300 _b425
490 _a社会人文. 50
650 _a台湾报业
942 _cBK
_o782.886 WTW
999 _c15424
_d15414